Modern inorganic chemistry : (Record no. 1398)

MARC details
000 -LEADER
fixed length control field 01054nac a22002891i 4500
003 - CONTROL NUMBER IDENTIFIER
control field EG-ScBUE
005 - DATE AND TIME OF LATEST TRANSACTION
control field 20250806092831.0
008 - FIXED-LENGTH DATA ELEMENTS--GENERAL INFORMATION
fixed length control field 250720r20031987ii a f 001 0 eng d
020 ## - INTERNATIONAL STANDARD BOOK NUMBER
International Standard Book Number 8121900743
020 ## - INTERNATIONAL STANDARD BOOK NUMBER
International Standard Book Number 9788121900744
040 ## - CATALOGING SOURCE
Original cataloging agency EG-ScBUE
Language of cataloging eng
Description conventions rda
Transcribing agency EG-ScBUE
Modifying agency EG-ScBUE
082 04 - DEWEY DECIMAL CLASSIFICATION NUMBER
Classification number 546
Item number PRA
Edition number 22
100 1# - MAIN ENTRY--PERSONAL NAME
Personal name Prakash, Satya,
Dates associated with a name 1905-1995,
Relator term author.
245 10 - TITLE STATEMENT
Title Modern inorganic chemistry :
Remainder of title (for B.Sc.I, II, III & P.G. courses of Indian University) /
Statement of responsibility, etc Satya Prakash, R. D. Madan, M.Sc., Ph.D., Department of Chemistry, N.R.E.C., Khurja.
250 ## - EDITION STATEMENT
Edition statement Reprinted edition.
264 #1 - PUBLICATION, DISTRIBUTION, ETC. (IMPRINT)
Place of publication, distribution, etc New Delhi :
Name of publisher, distributor, etc S. Chand & Company,
Date of publication, distribution, etc 2003.
300 ## - PHYSICAL DESCRIPTION
Extent xvi, 1548 pages :
Other physical details illustrations ;
Dimensions 24 cm
336 ## - CONTENT TYPE
Source rdacontent
Content type term text
Content type code txt
337 ## - MEDIA TYPE
Media type term unmediated
Source rdamedia
Media type code n
338 ## - CARRIER TYPE
Carrier type term volume
Carrier type code nc
Source rdacarrier
500 ## - GENERAL NOTE
General note Includes index.<br/>
521 ## - TARGET AUDIENCE NOTE
Target audience note For B.Sc.I, II, III & P.G. courses of Indian University.
650 #7 - SUBJECT ADDED ENTRY--TOPICAL TERM
Topical term or geographic name as entry element Chemistry, Inorganic.
Source of heading or term BUEsh
655 ## - INDEX TERM--GENRE/FORM
Form subdivision Reading book
700 1# - ADDED ENTRY--PERSONAL NAME
Personal name Madan, R. D.,
Relator term author.
942 ## - ADDED ENTRY ELEMENTS (KOHA)
Koha item type Book - Borrowing
Source of classification or shelving scheme Dewey Decimal Classification
Holdings
Withdrawn status Lost status Source of classification or shelving scheme Damaged status Not for loan Collection code Home library Current library Shelving location Date acquired Source of acquisition Cost, normal purchase price Total Checkouts Full call number Barcode Date last seen Cost, replacement price Koha item type
    Dewey Decimal Classification     Baccah Central Library Central Library First floor 06/09/2007 Purchase 140.00   546 PRA 000003054 15/07/2025 175.00 Book - Borrowing